| Tag |
First Indicator |
Second Indicator |
Subfields |
| LEADER |
00000cam a2200000 a 4500 |
| 001 |
in00000071658 |
| 005 |
20151008062331.0 |
| 008 |
811016s1979 uy 00010 spa d |
| 035 |
|
|
|a (OCoLC)07854395
|
| 035 |
|
|
|9 AAK0000AM
|
| 040 |
|
|
|a IXA
|c IXA
|d TXA
|d UtOrBLW
|
| 049 |
|
|
|a TXAM
|c [985076]
|
| 090 |
|
|
|a HQ1154
|b .M3 1979
|
| 100 |
1 |
|
|a Machado Bonet, Ofelia.
|
| 245 |
1 |
3 |
|a La mujer y el desarrollo /
|c Ofelia Machado Bonet.
|
| 250 |
|
|
|a 2a. ed.
|b y anexo.
|
| 264 |
|
1 |
|a Montevideo :
|b [Indice],
|c 1979.
|
| 300 |
|
|
|a 16 pages ;
|c 34 cm.
|
| 336 |
|
|
|a text
|b txt
|2 rdacontent
|
| 337 |
|
|
|a unmediated
|b n
|2 rdamedia
|
| 338 |
|
|
|a volume
|b nc
|2 rdacarrier
|
| 500 |
|
|
|a Cover title.
|
| 650 |
|
0 |
|a Women
|x Social conditions.
|
| 650 |
|
0 |
|a Women
|x Employment.
|
| 999 |
|
|
|a MARS
|
| 999 |
f |
f |
|s 089ddae2-adef-343d-b962-9a37e646dbbe
|i eb5d875c-66dd-37e3-823c-a7648d8713b4
|t 0
|
| 952 |
f |
f |
|p ric
|a Texas A&M University
|b Rellis Campus
|c Joint Library Facility
|d Remote Storage
|t 0
|e HQ1154 .M3 1979
|h Library of Congress classification
|i unmediated -- volume
|m A14806143170
|
| 998 |
f |
f |
|a HQ1154 .M3 1979
|t 0
|l Remote Storage
|